UBT Library

Laboratory manual [to accompany] Chemistry, a molecular approach [by] Nivaldo J. Tro / (Record no. 40809)

000 -LEADER
fixed length control field 00880cam a2200253 a 4500
001 - CONTROL NUMBER
control field 15768685
005 - DATE AND TIME OF LATEST TRANSACTION
control field 20180124032020.0
008 - FIXED-LENGTH DATA ELEMENTS--GENERAL INFORMATION
fixed length control field 090609s2009 njua 000 0 eng d
010 ## - LIBRARY OF CONGRESS CONTROL NUMBER
LC control number 2009284208
020 ## - INTERNATIONAL STANDARD BOOK NUMBER
International Standard Book Number 9780136006961
020 ## - INTERNATIONAL STANDARD BOOK NUMBER
International Standard Book Number 0136006965
035 ## - SYSTEM CONTROL NUMBER
System control number (OCoLC)ocn263871747
040 ## - CATALOGING SOURCE
Original cataloging agency XPG
Transcribing agency XPG
Modifying agency YDXCP
-- DLC
041 ## - LANGUAGE CODE
Language code of text/sound track or separate title eng
042 ## - AUTHENTICATION CODE
Authentication code lccopycat
080 ## - UNIVERSAL DECIMAL CLASSIFICATION NUMBER
Universal Decimal Classification number 542 TRO
082 00 - DEWEY DECIMAL CLASSIFICATION NUMBER
Classification number 542 TRO
Edition number 22
100 1# - Rafti
Rafti 12
101 ## - Shkurtesa
Shkurtesa KIM
245 10 - TITLE STATEMENT
Title Laboratory manual [to accompany] Chemistry, a molecular approach [by] Nivaldo J. Tro /
Statement of responsibility, etc John B. Vincent, Erica Livingston.
906 ## - LOCAL DATA ELEMENT F, LDF (RLIN)
a 7
b cbc
c copycat
d 2
e ncip
f 20
g y-gencatlg
942 ## - ADDED ENTRY ELEMENTS (KOHA)
Source of classification or shelving scheme
Item type Books
Holdings
Withdrawn status Lost status Source of classification or shelving scheme Damaged status Not for loan Collection code Permanent location Current location Shelving location Date acquired Total Checkouts Full call number Barcode Date last seen Price effective from Koha item type
          Koleksioni i përgjithshem UBT - Lipjan UBT - Lipjan Koleksioni i përgjithshem 01/24/2018   542 TRO 002-2996350 01/24/2018 01/24/2018 Books
UBT Library © 2015-2024. All rights reserved University Education for Business and Technology